<?xml version="1.0" encoding="utf-8"?>
<?xml-stylesheet type='text/xsl' href='./oai2.xsl'?>
<OAI-PMH xmlns="http://www.openarchives.org/OAI/2.0/" xmlns:xsi="http://www.w3.org/2001/XMLSchema-instance" xsi:schemaLocation="http://www.openarchives.org/OAI/2.0/ http://www.openarchives.org/OAI/2.0/OAI-PMH.xsd">
  <responseDate>2026-06-05T11:31:11Z</responseDate>
  <request verb="GetRecord" metadataPrefix="marcxml" identifier="record_kuniweb_218728">https://kulturerbe.niedersachsen.de/oai</request>
  <GetRecord>
    <record>
      <header>
        <identifier>record_kuniweb_218728</identifier>
        <datestamp>2026-03-31T19:09:18Z</datestamp>
        <setSpec>slg0146</setSpec>
      </header>
      <metadata>
        <marc:record xmlns:marc="http://www.loc.gov/MARC21/slim" xsi:schemaLocation="http://www.loc.gov/MARC21/slim http://www.loc.gov/standards/marcxml/schema/MARC21slim.xsd">
          <marc:leader>12345nrm  22     uu 4500</marc:leader>
          <marc:controlfield tag="001">218728</marc:controlfield>
          <marc:controlfield tag="003">http://kuniweb.gbv.de</marc:controlfield>
          <marc:controlfield tag="005">2015-06-19T10:58:20</marc:controlfield>
          <marc:controlfield tag="008">|           ||||||||||||||||||||||</marc:controlfield>
          <marc:datafield tag="245" ind1="1" ind2="0">
            <marc:subfield code="a">Arecolinum hydrobromicum Ampullen</marc:subfield>
          </marc:datafield>
          <marc:datafield tag="655" ind1=" " ind2="7">
            <marc:subfield code="a">Alltagskultur</marc:subfield>
          </marc:datafield>
          <marc:datafield tag="046" ind1=" " ind2=" ">
            <marc:subfield code="k">1917</marc:subfield>
            <marc:subfield code="k">ca. 1917</marc:subfield>
          </marc:datafield>
          <marc:datafield tag="260" ind1=" " ind2=" ">
            <marc:subfield code="g">1917</marc:subfield>
            <marc:subfield code="g">ca. 1917</marc:subfield>
          </marc:datafield>
          <marc:datafield tag="300" ind1=" " ind2=" ">
            <marc:subfield code="a">Höhe: 3 cm (Schachtel)
Länge: 19 cm (Schachtel)
Breite: 10,3 cm (Schachtel)
Länge: 9,2 cm (Ampulle)
Durchmesser: 1,8 cm (Ampulle)</marc:subfield>
          </marc:datafield>
          <marc:datafield tag="520" ind1=" " ind2=" ">
            <marc:subfield code="a">länglich-flache Ampullenschachtel mit Klappdeckel, Fb. gelblich, mit 8 unbeschädigten Ampullen mit Inhaltsstoff Arecolinum hydrobromicum mit unterschiedlichen Aufklebern. Verpackt in Zellstoff. Verschlusslasche durchtrennt
mittig eine zusätzliche Ampulle anderer Form, gefüllt mit bräunlich glitzernden Kristallen. Mit Aufkleber (3) (Stadtmuseum Einbeck)

Aufkleber/Etikett:
1. Sanitäts-Depot I. bayer. Armeekorps München 10 zugeschmolzene Glasröhren zu: 0,05 g Arecolinum hydrobromicum für veterinären Gebrauch in Lösung von 10 ccm, keim frei gemacht. 1917 2. Feile in der Schachtel 3. Festungslazarett Mainz Ampullen-Station Jodum 10 g Kal. Jodat. 3,5 g 1918 (1. in schwarzer und weißer Schrift auf schwarz-weißem Aufkleber auf der Verpackung und Aufkleber auf der Ampulle 2. rote Schrift auf weißem Aufkleber auf der Schachtel 3.- weißer Aufkleber mit roter Schrift auf Einzelampulle)

Verwendungszweck:
Wurmmittel für Hunde, Parasympathikus-Hemmer</marc:subfield>
          </marc:datafield>
          <marc:datafield tag="650" ind1="1" ind2=" ">
            <marc:subfield code="a">Gesundheitswesen, Körperpflege, Hygiene</marc:subfield>
          </marc:datafield>
          <marc:datafield tag="773" ind1="0" ind2=" ">
            <marc:subfield code="t">Sammlung Medizin- und Pharmaziegeschichte</marc:subfield>
          </marc:datafield>
          <marc:datafield tag="852" ind1=" " ind2=" ">
            <marc:subfield code="a">Stadtmuseum Einbeck</marc:subfield>
          </marc:datafield>
          <marc:datafield tag="" ind1=" " ind2=" ">
            <marc:subfield code="a">Namensnennung - Weitergabe unter gleichen Bedingungen 4.0 International (CC BY-SA 4.0)</marc:subfield>
          </marc:datafield>
        </marc:record>
      </metadata>
    </record>
  </GetRecord>
</OAI-PMH>
